[Event "50th Reggio Emilia it"]
[Site "Reggio Emilia ITA"]
[Date "2007.12.29"]
[Round "1"]
[White "Landa, Konstantin"]
[Black "Korchnoi, Viktor"]
[Result "1/2-1/2"]
[WhiteElo "2678"]
[BlackElo "2611"]
[EventDate "2007.12.29"]
[PlyCount "67"]

1.e4 e6 2.d4 d5 3.Nc3 Nf6 4.e5 Nfd7 5.f4 c5 6.Nf3 Nc6 7.Be3 Rb8 8.Be2 cxd4
9.Nxd4 Bc5 10.Qd2 O-O 11.Rd1 Qh4+ 12.Bf2 Qe7 13.O-O Nb6 14.Ncb5 Bd7 15.Qe3
Nxd4 16.Nxd4 Rbc8 17.Qh3 f5 18.c3 Qe8 19.Bh5 g6 20.Be2 Bxd4 21.Rxd4 Bb5 
22.Qf3 Rf7 23.Bxb5 Qxb5 24.Rb4 Qa6 25.Bxb6 axb6 26.Qf2 b5 27.a4 bxa4 28.
Rb6 Qc4 29.Ra1 Rfc7 30.h4 Ra8 31.Rb4 Qc6 32.Rb6 Qc4 33.Rb4 Qc6 34.Rb6 
1/2-1/2

[Event "50th Reggio Emilia it"]
[Site "Reggio Emilia ITA"]
[Date "2007.12.29"]
[Round "1"]
[White "Tiviakov, Sergei"]
[Black "Marin, Mihail"]
[Result "0-1"]
[WhiteElo "2643"]
[BlackElo "2551"]
[EventDate "2007.12.29"]
[PlyCount "88"]

1.e4 e5 2.Nf3 Nc6 3.Bc4 Bc5 4.c3 Nf6 5.d3 a6 6.Bb3 O-O 7.Bg5 h6 8.Bh4 Be7 
9.Nbd2 d6 10.Bg3 Re8 11.Nf1 Bf8 12.Ne3 Be6 13.Bh4 g6 14.Nd2 Bg7 15.Qf3 Nb8
16.Bc2 Nbd7 17.g4 Nf8 18.Nf5 N8h7 19.Nxg7 Kxg7 20.h3 c5 21.Bg3 h5 22.gxh5 
Nxh5 23.a3 Qf6 24.Qe3 b5 25.O-O-O a5 26.a4 b4 27.c4 Bd7 28.Rdf1 Nf4 29.Bd1
Rh8 30.h4 Nf8 31.b3 Rh6 32.Rfg1 N8e6 33.Bg4 Rah8 34.Nf3 Nf8 35.Bxf4 exf4 
36.e5 dxe5 37.Qxc5 e4 38.Nd4 Bxg4 39.Rxg4 Nd7 40.Qa7 Ne5 41.Rg5 Nxd3+ 42.
Kb1 Rd8 43.Rd5 Rxd5 44.cxd5 Rh5 0-1

[Event "50th Reggio Emilia it"]
[Site "Reggio Emilia ITA"]
[Date "2007.12.30"]
[Round "2"]
[White "Harikrishna, Pentala"]
[Black "Godena, Michele"]
[Result "1-0"]
[WhiteElo "2668"]
[BlackElo "2535"]
[EventDate "2007.12.29"]
[PlyCount "115"]

1.e4 e5 2.Nf3 Nc6 3.Bb5 Nf6 4.d3 Bc5 5.c3 O-O 6.O-O Re8 7.d4 Bf8 8.Re1 d6 
9.Bg5 Bd7 10.Nbd2 h6 11.Bh4 g5 12.Bg3 Nxd4 13.Nxd4 exd4 14.Bxd7 Qxd7 15.
cxd4 Bg7 16.e5 dxe5 17.dxe5 Nd5 18.Qb3 b6 19.Rad1 Qe6 20.Nf3 Ne7 21.Qxe6 
fxe6 22.h4 Nf5 23.hxg5 Nxg3 24.fxg3 Rad8 25.gxh6 Bxh6 26.Kf2 c5 27.b3 Rd5 
28.g4 Red8 29.Rxd5 Rxd5 30.g5 Bf8 31.Kg3 b5 32.Rc1 c4 33.bxc4 Rc5 34.Kf4 
bxc4 35.Ke4 Kf7 36.Rc2 Bg7 37.Kd4 Rd5+ 38.Kxc4 Bxe5 39.Rf2 Bg3 40.Rf1 Rf5 
41.a4 Bd6 42.Rh1 Rf4+ 43.Kb5 Rb4+ 44.Kc6 Rb6+ 45.Kd7 Bf4 46.a5 Rb5 47.Rh7+
Kg6 48.Rh6+ Kg7 49.a6 e5 50.Re6 Bg3 51.g6 Ra5 52.Ng5 Bf2 53.Ne4 Bb6 54.g4 
Ra4 55.Nd6 Rd4 56.Kc6 Rxg4 57.Nf5+ Kf8 58.Kd7 1-0

[Event "50th Reggio Emilia it"]
[Site "Reggio Emilia ITA"]
[Date "2007.12.30"]
[Round "2"]
[White "Marin, Mihail"]
[Black "Navara, David"]
[Result "1/2-1/2"]
[WhiteElo "2551"]
[BlackElo "2656"]
[EventDate "2007.12.29"]
[PlyCount "74"]

1.c4 e5 2.Nc3 Nf6 3.g3 Nc6 4.Bg2 Bc5 5.Nf3 d6 6.d3 h6 7.O-O O-O 8.a3 a6 9.
b4 Ba7 10.Bb2 Be6 11.Rc1 Qd7 12.e3 Bh3 13.d4 exd4 14.Nd5 Nxd5 15.cxd5 Bxg2
16.Kxg2 Ne7 17.Bxd4 Bxd4 18.Qxd4 a5 19.Rfd1 axb4 20.axb4 Ra4 21.Qc3 Rc8 
22.Rd4 c5 23.dxc6 Rxc6 24.Rc4 Rxc4 25.Qxc4 Nc6 26.Rd1 Rxb4 27.Qd3 Rb2 28.
Qxd6 Qf5 29.Qa3 Qb5 30.Qa8+ Kh7 31.Qc8 Ne7 32.Qd7 Qc5 33.Qd4 Qxd4 34.Rxd4 
b5 35.Rd7 Nf5 36.Kf1 h5 37.Nd4 Nxd4 1/2-1/2

[Event "50th Reggio Emilia it"]
[Site "Reggio Emilia ITA"]
[Date "2007.12.30"]
[Round "2"]
[White "Tiviakov, Sergei"]
[Black "Landa, Konstantin"]
[Result "1/2-1/2"]
[WhiteElo "2643"]
[BlackElo "2678"]
[EventDate "2007.12.29"]
[PlyCount "59"]

1.e4 e5 2.Bc4 Nf6 3.d3 c6 4.Nf3 d5 5.Bb3 a5 6.Nc3 Bb4 7.a3 Bxc3+ 8.bxc3 a4
9.Ba2 Qd6 10.O-O O-O 11.exd5 cxd5 12.h3 Nc6 13.Re1 Re8 14.Bg5 Bf5 15.Qc1 
e4 16.Nh4 Bd7 17.Rb1 h6 18.Bf4 Qc5 19.Bxh6 gxh6 20.Qxh6 Nh7 21.dxe4 Re6 
22.Qd2 Ne7 23.Rxb7 Bc6 24.Rb4 Rxe4 25.Rbxe4 dxe4 26.Re3 Rf8 27.Rg3+ Kh8 
28.Qf4 Qh5 29.Kh2 Ba8 30.Bc4 1/2-1/2

[Event "50th Reggio Emilia it"]
[Site "Reggio Emilia ITA"]
[Date "2007.12.31"]
[Round "3"]
[White "Almasi, Zoltan"]
[Black "Tiviakov, Sergei"]
[Result "1/2-1/2"]
[WhiteElo "2691"]
[BlackElo "2643"]
[EventDate "2007.12.29"]
[PlyCount "75"]

1.e4 c5 2.Nf3 Nc6 3.d4 cxd4 4.Nxd4 g6 5.c4 Nf6 6.Nc3 Nxd4 7.Qxd4 d6 8.Be2 
Bg7 9.Be3 O-O 10.Qd2 a5 11.O-O a4 12.Bd4 Be6 13.Qe3 Nd7 14.Bxg7 Kxg7 15.b3
axb3 16.axb3 Qc7 17.Nb5 Qc5 18.Qc3+ Qe5 19.Qxe5+ Nxe5 20.f4 Nc6 21.Bf3 Bd7
22.Rfd1 Rxa1 23.Rxa1 Rc8 24.Kf2 Kf8 25.Ke3 Nb4 26.Ra7 Bxb5 27.cxb5 Nc2+ 
28.Kf2 b6 29.Rb7 Nd4 30.Rxb6 Nxb3 31.e5 dxe5 32.fxe5 Nc5 33.Rc6 Rxc6 34.
bxc6 Ke8 35.Ke3 Kd8 36.Bd5 e6 37.Kd4 Na4 38.Be4 1/2-1/2

[Event "50th Reggio Emilia it"]
[Site "Reggio Emilia ITA"]
[Date "2007.12.31"]
[Round "3"]
[White "Landa, Konstantin"]
[Black "Marin, Mihail"]
[Result "1-0"]
[WhiteElo "2678"]
[BlackElo "2551"]
[EventDate "2007.12.29"]
[PlyCount "125"]

1.Nf3 Nf6 2.c4 c5 3.g3 b6 4.Bg2 Bb7 5.O-O e6 6.Nc3 a6 7.d4 cxd4 8.Qxd4 d6 
9.Rd1 Be7 10.Be3 Nbd7 11.Qd2 O-O 12.Bf4 Ne8 13.Ng5 Bxg2 14.Kxg2 Qc7 15.Qd3
Bxg5 16.Bxg5 Ne5 17.Qe4 Rc8 18.Rac1 h6 19.Bf4 Nf6 20.Qd4 Qb7+ 21.f3 Nxc4 
22.Bxh6 gxh6 23.Qxf6 Ne3+ 24.Kh1 Nxd1 25.Rxd1 d5 26.e4 d4 27.Rxd4 Kh7 28.
e5 Rg8 29.Kg2 Rg6 30.Qf4 Qc7 31.Rd6 Kg7 32.Ne4 Rd8 33.g4 Rxd6 34.exd6 Qd7 
35.h4 f5 36.Qe5+ Kf7 37.h5 Rg7 38.Nf6 Qb5 39.Qxb5 axb5 40.Nd7 Rg8 41.Ne5+ 
Kf6 42.Nd7+ Kf7 43.Ne5+ Kf6 44.Nd7+ Kg7 45.Ne5 Rd8 46.d7 Kf6 47.f4 b4 48.
g5+ hxg5 49.Kg3 gxf4+ 50.Kxf4 Kg7 51.Kg5 Rf8 52.Kf4 Rd8 53.b3 b5 54.h6+ 
Kh7 55.Kf3 Kg8 56.Ke3 Kh7 57.Kf4 Kg8 58.Kg5 Kh7 59.Kf6 Ra8 60.Kxe6 f4 61.
Ng4 Kg6 62.Ke7 Kg5 63.d8=Q 1-0

[Event "50th Reggio Emilia it"]
[Site "Reggio Emilia ITA"]
[Date "2007.12.31"]
[Round "3"]
[White "Navara, David"]
[Black "Gashimov, Vugar"]
[Result "0-1"]
[WhiteElo "2656"]
[BlackElo "2664"]
[EventDate "2007.12.29"]
[PlyCount "110"]

1.d4 Nf6 2.c4 e6 3.Nf3 c5 4.d5 d6 5.Nc3 exd5 6.cxd5 g6 7.Nd2 Bg7 8.e4 O-O 
9.Be2 Re8 10.O-O a6 11.a4 Nbd7 12.f4 Rb8 13.a5 b5 14.axb6 Nxb6 15.Kh1 c4 
16.Ra3 Qc7 17.b4 cxb3 18.Rxb3 Nfd7 19.Na4 Nxa4 20.Rxb8 Nc3 21.Rxc8 Qxc8 
22.Qe1 Nxe4 23.Nxe4 Rxe4 24.Qd2 Nc5 25.Ba3 Rd4 26.Qa2 Ra4 27.Rf3 Qf5 28.h3
Rxf4 29.Bxc5 Rxf3 30.Bxf3 dxc5 31.d6 Be5 32.d7 Qxd7 33.Qxa6 Qd4 34.Qf1 c4 
35.Be2 c3 36.Bc4 Bf6 37.Bb3 Kg7 38.Qe2 Be5 39.Qf3 f5 40.Qe2 h5 41.Bc2 h4 
42.Bb3 Qf4 43.Kg1 Bd4+ 44.Kh1 Qe4 45.Qf1 Qe3 46.Bc2 Qd2 47.Qb1 Qf2 48.Qd1 
Kf6 49.Qc1 Qd2 50.Qb1 Kg5 51.Ba4 Kf4 52.Kh2 Ke3 53.Bc2 Ke2 54.Qb5+ Kf2 55.
Qb8 Qe3 0-1

[Event "50th Reggio Emilia it"]
[Site "Reggio Emilia ITA"]
[Date "2008.01.02"]
[Round "5"]
[White "Navara, David"]
[Black "Korchnoi, Viktor"]
[Result "1-0"]
[WhiteElo "2656"]
[BlackElo "2611"]
[EventDate "2007.12.29"]
[PlyCount "71"]

1.e4 e6 2.d4 d5 3.Nd2 c5 4.Ngf3 Nc6 5.exd5 exd5 6.Bb5 Bd6 7.dxc5 Bxc5 8.
O-O Ne7 9.Nb3 Bd6 10.Bg5 O-O 11.Re1 Bg4 12.Be2 Qc7 13.h3 Bd7 14.c3 h6 15.
Bxe7 Nxe7 16.Nbd4 Rad8 17.Bd3 a6 18.Bc2 Rfe8 19.Qd3 Ng6 20.Nh4 Nf8 21.Bb3 
Re5 22.Nhf3 Rxe1+ 23.Rxe1 Ng6 24.Bc2 Kf8 25.h4 Kg8 26.Nf5 Bc5 27.h5 Bb5 
28.c4 Nf4 29.Nxh6+ Kf8 30.Qf5 Bxc4 31.Ne5 Ne2+ 32.Rxe2 Bxe2 33.Nhxf7 Ke8 
34.Qg6 Qb6 35.Nd6+ Ke7 36.Nf5+ 1-0

[Event "50th Reggio Emilia it"]
[Site "Reggio Emilia ITA"]
[Date "2008.01.04"]
[Round "7"]
[White "Godena, Michele"]
[Black "Marin, Mihail"]
[Result "1/2-1/2"]
[WhiteElo "2535"]
[BlackElo "2551"]
[EventDate "2007.12.29"]
[PlyCount "68"]

1.e4 d6 2.d4 Nf6 3.Nd2 e5 4.c3 Nbd7 5.Bd3 g6 6.Ne2 Bg7 7.O-O O-O 8.Bc2 b6 
9.Nf3 Bb7 10.Ng3 Re8 11.Re1 c6 12.Be3 exd4 13.cxd4 c5 14.dxc5 Nxc5 15.Bd4 
Rc8 16.Nd2 Rc7 17.Bc3 d5 18.exd5 Bxd5 19.Rxe8+ Qxe8 20.Ndf1 Rd7 21.Qc1 Qa8
22.Ne3 Be6 23.Qf1 Qd8 24.a3 Bb3 25.Bxb3 Nxb3 26.Rd1 Nd4 27.Ne2 Nxe2+ 28.
Qxe2 Rxd1+ 29.Qxd1 Qxd1+ 30.Nxd1 Nd5 31.Bd2 f5 32.Kf1 Kf7 33.Ke2 Ke6 34.a4
a6 1/2-1/2

[Event "50th Reggio Emilia it"]
[Site "Reggio Emilia ITA"]
[Date "2008.01.05"]
[Round "8"]
[White "Marin, Mihail"]
[Black "Korchnoi, Viktor"]
[Result "1/2-1/2"]
[WhiteElo "2551"]
[BlackElo "2611"]
[EventDate "2007.12.29"]
[PlyCount "116"]

1.c4 e6 2.g3 d5 3.Bg2 Nf6 4.d4 dxc4 5.Nf3 Bb4+ 6.Bd2 a5 7.Qc2 Ra6 8.Na3 
Bxa3 9.bxa3 b5 10.Rb1 Bd7 11.Ne5 O-O 12.a4 b4 13.Qxc4 Bxa4 14.a3 Nfd7 15.
axb4 Nxe5 16.dxe5 Bc6 17.f3 axb4 18.Bxb4 Re8 19.Kf2 Bd5 20.Qd3 Ra2 21.Ra1 
Nc6 22.Bc3 Qa8 23.Rxa2 Qxa2 24.Ra1 Qb3 25.Rb1 Qa3 26.Bf1 Rd8 27.Ra1 Qc5+ 
28.Qe3 Qb5 29.g4 Bc4 30.h4 h6 31.h5 Qb3 32.Rc1 Rd7 33.Ba1 Qxe3+ 34.Kxe3 
Na5 35.Kf2 c6 36.Bb2 Bb5 37.Ra1 Nc4 38.Ra8+ Kh7 39.Bc3 Rd1 40.Ra1 Rxa1 41.
Bxa1 Nd2 42.Bg2 Bc4 43.Bc3 Nb3 44.f4 Bd5 45.e4 Bc4 46.Ke3 c5 47.Bf3 Kg8 
48.Bd1 Kh7 49.Be1 g5 50.hxg6+ fxg6 51.Bh4 Kg7 52.Be7 Kf7 53.Bd6 Ke8 54.Kf2
Kf7 55.Ke3 Ke8 56.Kf2 Kf7 57.Ke3 Ke8 58.f5 Kf7 1/2-1/2

[Event "50th Reggio Emilia it"]
[Site "Reggio Emilia ITA"]
[Date "2008.01.06"]
[Round "9"]
[White "Gashimov, Vugar"]
[Black "Almasi, Zoltan"]
[Result "1/2-1/2"]
[WhiteElo "2664"]
[BlackElo "2691"]
[EventDate "2007.12.29"]
[PlyCount "29"]

1.e4 e5 2.Nf3 Nc6 3.Bb5 Nf6 4.O-O Nxe4 5.Qe2 Nd6 6.Bxc6 dxc6 7.Qxe5+ Qe7 
8.Qa5 Qd8 9.Qe5+ Qe7 10.Qa5 Qd8 11.Qc3 Nf5 12.Re1+ Be6 13.d3 Be7 14.Nbd2 
O-O 15.Ne4 1/2-1/2

[Event "50th Reggio Emilia it"]
[Site "Reggio Emilia ITA"]
[Date "2008.01.06"]
[Round "9"]
[White "Korchnoi, Viktor"]
[Black "Tiviakov, Sergei"]
[Result "1/2-1/2"]
[WhiteElo "2611"]
[BlackElo "2643"]
[EventDate "2007.12.29"]
[PlyCount "101"]

1.Nf3 Nf6 2.c4 b6 3.g3 Bb7 4.Bg2 e6 5.d4 Be7 6.O-O O-O 7.Nc3 Ne4 8.Qc2 
Nxc3 9.Qxc3 c5 10.Rd1 d6 11.Qc2 Nc6 12.d5 Nb4 13.Qd2 exd5 14.cxd5 Bf6 15.
a3 Na6 16.Qc2 b5 17.e4 Re8 18.Be3 Qe7 19.Ne1 c4 20.a4 b4 21.Qxc4 Bxb2 22.
Rab1 Bc3 23.Nd3 Qd7 24.Qb5 Bc8 25.Rdc1 Rb8 26.Qc4 Re7 27.Nf4 Qc7 28.Qb3 
Qa5 29.Bf1 Rc7 30.Bb5 Bd7 31.Bxd7 Rxd7 32.Ne2 Bf6 33.Rc6 Re8 34.Rbc1 h6 
35.h4 Nb8 36.Rc8 Rxc8 37.Rxc8+ Rd8 38.Rc4 Na6 39.Bxa7 Nc5 40.Bxc5 dxc5 41.
f4 Ra8 42.Kg2 Bd8 43.Rc2 Bb6 44.Nc1 Qxa4 45.Ra2 Qe8 46.Rxa8 Qxa8 47.Qc4 
Qa3 48.Nb3 Qb2+ 49.Kf3 Qb1 50.Nc1 b3 51.Nxb3 1/2-1/2

[Event "50th Reggio Emilia it"]
[Site "Reggio Emilia ITA"]
[Date "2008.01.06"]
[Round "9"]
[White "Navara, David"]
[Black "Godena, Michele"]
[Result "1-0"]
[WhiteElo "2656"]
[BlackElo "2535"]
[EventDate "2007.12.29"]
[PlyCount "63"]

1.c4 e6 2.Nc3 d5 3.d4 c6 4.Qd3 Nf6 5.Nf3 Nbd7 6.e4 dxe4 7.Nxe4 Nxe4 8.Qxe4
Bb4+ 9.Bd2 Bxd2+ 10.Nxd2 c5 11.dxc5 Qa5 12.a3 Qxc5 13.Bd3 Nf6 14.Qe2 O-O 
15.O-O Rd8 16.b4 Qc7 17.Rac1 Bd7 18.c5 Bc6 19.Nf3 Rd5 20.Bc4 Rh5 21.g3 a5 
22.Nd4 Bd5 23.Nb5 Qc6 24.Nd6 axb4 25.Bb5 Qc7 26.axb4 b6 27.Ne8 Qe5 28.Qxe5
Rxe5 29.Nc7 Rb8 30.Na6 Ra8 31.cxb6 Bg2 32.Kxg2 1-0